Biggest Cities in Victoria Quiz - Statistics

General Stats
  • This quiz has been taken 228 times
  • The average score is 13 of 25
Answer Stats
Population Answer % Correct
4,529,500 Melbourne
100%
187,417 Geelong
95%
99,841 Ballarat
92%
92,888 Bendigo
92%
31,361 Mildura
72%
31,605 Wodonga
71%
12,766 Sale
61%
24,590 Traralgon
60%
15,292 Horsham
58%
29,284 Warrnambool
58%
17,377 Wangaratta
56%
12,613 Bairnsdale
54%
59,500 Melton
51%
15,292 Moe-Yallourn
51%
9,894 Swan Hill
45%
13,691 Morwell
44%
9,950 Portland
39%
13,339 Torquay-Jan Juc
38%
11,820 Colac
37%
13,091 Warragul
37%
14,913 Bacchus Marsh
32%
32,911 Pakenham
23%
11,192 Lara
22%
16,093 Ocean Grove-Barwon Heads
20%
10,927 Drysdale-Clifton Springs
8%
No matching quizzes found
Score Distribution
Percent of People with Each Score
Percentile by Number Answered
Your Score History
You have not taken this quiz